000 00316nam a2200121 a 4500
005 20140414093843.0
008 090422s19uu xx uuu eng d
050 _aCD 782.27
_bSTO 2007
245 _aStonyhurst-Southville International School :
_bSchool Hymn.
650 _aHymns.
942 _cAVM
999 _c109439
_d109439